Leadership : Enhancing the lessons
Contents: leadership is a process, not a position; focus on the leader, focus on the followers; focus on the situation; leadership skills.
Đã lưu trong:
| 主要作者: | |
|---|---|
| 格式: | 圖書 |
| 語言: | Undetermined |
| 出版: |
Boston
McGraw-Hill Irwin
2006
|
| 主題: | |
| 標簽: |
添加標簽
沒有標簽, 成為第一個標記此記錄!
|
| Thư viện lưu trữ: | Trung tâm Học liệu Trường Đại học Cần Thơ |
|---|
| LEADER | 00684nam a2200205Ia 4500 | ||
|---|---|---|---|
| 001 | CTU_156928 | ||
| 008 | 210402s9999 xx 000 0 und d | ||
| 020 | |c 12.99 | ||
| 082 | |a 303.34 | ||
| 082 | |b H893 | ||
| 100 | |a Hughes, Richard L. | ||
| 245 | 0 | |a Leadership : | |
| 245 | 0 | |b Enhancing the lessons | |
| 245 | 0 | |c Richard L. Hughes, Robert C. Ginnett, Gordon J. Curphy | |
| 260 | |a Boston | ||
| 260 | |b McGraw-Hill Irwin | ||
| 260 | |c 2006 | ||
| 520 | |a Contents: leadership is a process, not a position; focus on the leader, focus on the followers; focus on the situation; leadership skills. | ||
| 650 | |a Leadership | ||
| 980 | |a Trung tâm Học liệu Trường Đại học Cần Thơ | ||